Evaluación de la incidencia de la zona geográfica de Costa Rica en la composición fisicoquímica de la broza de café para su potencial uso en sistemas de gasificación de lecho descendente
Uloženo v:
| Hlavní autor: | |
|---|---|
| Médium: | Kniha |
| Jazyk: | Spanish |
| Vydáno: |
San José, Costa Rica
2018
|
| Témata: | |
| Tagy: |
Přidat tag
Žádné tagy, Buďte první, kdo vytvoří štítek k tomuto záznamu!
|
MARC
| LEADER | 00000nam a22000007a 4500 | ||
|---|---|---|---|
| 003 | 012945 | ||
| 005 | 20221231144400.0 | ||
| 008 | 181026b2018 cr a|||| m||| 00| ||spa d | ||
| 040 | |c cru CEDI | ||
| 090 | |a TFG 8096 | ||
| 100 | |9 14403 |a Gómez Quirós, Carla Daniela | ||
| 245 | |a Evaluación de la incidencia de la zona geográfica de Costa Rica en la composición fisicoquímica de la broza de café para su potencial uso en sistemas de gasificación de lecho descendente | ||
| 260 | |a San José, Costa Rica |c 2018 | ||
| 300 | |a xxvi, 242 hojas :ilustraciones algunas a color | ||
| 500 | |a Proyecto de graduación(licenciatura en ingeniería química)--Universidad de Costa Rica. Facultad de Ingeniería. Escuela de Ingeniería Química | ||
| 650 | |x PROPIEDADES FISICOQUIMICAS |x PULPA DE CAFE |x PULPA DE CAFE - COMPOSICION QUIMICA |x GASIFICACION - MODELOS MATEMATICOS |x GASIFICACION DE LA BIOMASA |x CAFE |x GAS -- OBTENCION Y PRODUCCION |9 14404 | ||
| 942 | |c TFG | ||
| 999 | |c 21037 |d 21037 | ||
